| 000 | 00821nam a2200193 a 4500 | ||
|---|---|---|---|
| 001 | 000037572 | ||
| 005 | 20200930080440.0 | ||
| 008 | 120501s2004 sp 000 0 spa d | ||
| 020 | _a8400082281 | ||
| 040 |
_aDO-SdBNP _bspa _cBNPHU |
||
| 082 |
_axxx _bD542n |
||
| 245 | 0 | 0 |
_aEl nuevo orden del caos : _bconsecuencias socioculturales de la globalización / _cLuis Díaz Viana, coordinador. |
| 260 |
_aMadrid : _bConsejo Superior de Investigaciones Científicas, Departamento de Antropología de España y América, _c2004. |
||
| 300 |
_a292 p. ; _c24 cm. |
||
| 490 | 1 |
_aBiblioteca de dialectología y tradiciones populares _v40 |
|
| 500 | _aIncluye referencias bibliográficas y notas al pie de páginas. | ||
| 700 | 1 | 2 |
_aDíaz Viana, Luis _964032 |
| 830 | 0 |
_aBiblioteca de dialectología y tradiciones populares _n40 _964033 |
|
| 999 |
_c37062 _d37062 |
||